| 000 | 00567nam a2200157 i 4500 | ||
|---|---|---|---|
| 001 | 63305 | ||
| 003 | ES-MaACL | ||
| 005 | 20230906164825.0 | ||
| 007 | t| | ||
| 008 | 031209s1948 sp ||||1| spa d | ||
| 100 | 1 |
_aFernández Uzquiza, F. _950132 |
|
| 245 | 1 | 0 |
_aMétodo práctico para la aplicación de las tablas oficiales de valoración alcohólica _b: rebajes, mezclas, liquidaciones etc / _cF. Fernández Uzquiza. |
| 260 |
_a[S.l. : _bs.n.], _c1948 ( _eMadrid : _fGráfica Administrativa) |
||
| 300 |
_a55 p. ; _c19 cm. |
||
| 852 |
_aES-MaACL _j1894-F-10 _bR.26874 |
||
| 999 |
_c63305 _d63305 |
||